Iowa Football: Top 10 All-Time Leaders - Statistics

General Stats
  • This quiz has been taken 26 times
  • The average score is 14 of 60
Answer Stats
Category # Player Amount % Correct
Passing Yards 2 Nate Stanley 8,302
89%
Rushing Yards 5 Kaleb Johnson 2,779
78%
Interceptions 3 Jovon Johnson 17
72%
Passing Yards 9 C.J. Beathard 5,722
67%
Tackles 2 Andre Jackson 465
61%
Passing Yards 1 Chuck Long 9,210
56%
Tackles 4 Josey Jewell 437
56%
Sacks 10 Leroy Smith 22.0
56%
Rushing Yards 4 Akrum Wadley 2,872
50%
Interceptions T1 Nile Kinnick 18
50%
Passing Yards 4 Ricky Stanzi 7,377
50%
Rushing Yards 6 Tavian Banks 2,773
50%
Interceptions T4 Desmond King 14
44%
Passing Yards 3 Drew Tate 8,292
39%
Sacks T5 A.J. Epenesa 26.5
33%
Receiving Yards 1 Marvin McNutt 2,861
33%
Passing Yards 10 Spencer Petras 5,199
33%
Receiving Yards 4 Tim Dwight 2,075
33%
Rushing Yards 9 Tyler Goodson 2,551
28%
Receiving Yards 2 Derrell Johnson-Koulianos 2,616
22%
Receiving Yards 10 Kevonte Martin-Manley 1,799
22%
Interceptions 6 Tyler Sash 13
22%
Rushing Yards 3 Albert Young 3,173
17%
Tackles 6 Chad Greenway 416
17%
Rushing Yards 8 Mark Weisman 2,602
17%
Tackles 3 Abdul Hodge 453
11%
Sacks T8 Anthony Nelson 23.0
11%
Interceptions T7 Brett Greenwood 12
11%
Passing Yards 6 Chuck Hartlieb 6,26
11%
Receiving Yards 3 Danan Hughes 2,156
11%
Rushing Yards 7 Fred Russell 2,760
11%
Receiving Yards 9 Harold Jasper 1,808
11%
Passing Yards 8 James Vandenberg 5,786
11%
Receiving Yards 7 Kahlil Hill 1,843
11%
Receiving Yards 5 Kevin Kasper 1,974
11%
Rushing Yards 2 Ladell Betts 3,682
11%
Tackles 10 Matt Hughes 354
11%
Passing Yards 5 Matt Rodgers 6,308
11%
Receiving Yards 8 Ronnie Harmon 1,809
11%
Rushing Yards 1 Sedrick Shaw 3,894
11%
Rushing Yards 10 Tony Stewart 2,541
11%
Tackles 5 Brad Quast 435
6%
Interceptions T7 Brad Quast 12
6%
Receiving Yards 6 Clinton Solomon 1,864
6%
Sacks T8 Colin Cole 23.0
6%
Interceptions T4 Damien Robinson 14
6%
Interceptions T1 Devon Mitchell 18
6%
Tackles 8 Fred Barr 376
6%
Tackles 7 James Morris 400
6%
Sacks 1 Jared DeVries 43.0
6%
Sacks 4 Joe Evans 28.0
6%
Sacks T5 Larry Blue 26.5
6%
Tackles 1 Larry Station 492
6%
Sacks 3 Matt Roth 30.0
6%
Passing Yards 7 Matt Sherman 6,018
6%
Sacks 2 Mike Wells 33.0
6%
Interceptions T7 Plez Atkins 12
6%
Interceptions T7 Steve Wilson 12
6%
Tackles 9 Tom Rusk 361
6%
Sacks 7 William Inge 24.0
6%
No matching quizzes found
Score Distribution
Percent of People with Each Score
Percentile by Number Answered
Your Score History
You have not taken this quiz